000 00446nam a2200169Ia 4500
008 230516s2018 xx 000 0 und d
041 _aeng
082 _a615.19
_bKHA/VYA
100 _aKHAR ROOP, VYAS S. P.
245 _aLACHMAN & LIBERMAN'S THEORY & PRACTICE OF INDUSTRIAL PHARMACY
260 _aDELHI
_bCBS PUBLICATION & DISTRIBUTORS
_c2018
300 _a1203
365 _h15
500 _aPB
520 _aPH
650 _aPHARMACEUTICS
999 _c384350
_d384350